• 首页
  • 本馆介绍
  • 公告通知
  • 最新文献
  • 馆藏检索
  • 电子资源
  • 读者导购
  • 参考咨询
  • 我的图书馆
  • 登录
  • 详细信息显示
  • 放入我的书架
  • 预约/预借图书
  • 作者相关作品
  • 分类相关作品
  • 丛书相关作品
  • 出版社相关作品

书目信息

  • 表格格式
  • 工作单格式
  • 卡片格式
题名:
球类运动
    
 
作者: 孙民治 主编
分册:  
出版信息: 北京   高等教育出版社  1988.10
页数: 318页
开本: 20厘米
丛书名:
单 册:
中图分类: G84
科图分类:
主题词:
电子资源:
ISBN: 7-04-000579-4
000 00619nam0 2200205 45
001 0189028594
005 20070607093344.85
010    @a7-04-000579-4@dCNY4.55
100    @a19911017d1988 m y0chiy0120 ea
101 0  @achi
102    @aCN@b110000
105    @af z 000yy
200 10 @a球类运动@Aqiu lei yun dong@e排球@Epai qiu@f孙民治主编@Fsun min zhi zhu bian
210    @a北京@c高等教育出版社@d1988.10@h1993
215    @a318页@c图@d20厘米
540 1  @a球类运动 排球@Aqiu lei yun dong pai qiu
690    @aG84@v1980
701  0 @a孙民治@Asun min zhi@4主编
801  0 @aCN@bTSSF@c20070607
905    @a10447@dG84@e286
    
    球类运动:排球/孙民治主编.-北京:高等教育出版社,1988.10(1993)
    318页:图;20厘米
    
    
    ISBN 7-04-000579-4:CNY4.55
    
●
相关链接 在E读中查询图书 在五车中查询图书 在当当中查询图书 在豆瓣中查询图书


正题名:球类运动     索取号:G84/286         预约/预借

序号 登录号 条形码 馆藏地/架位号 状态 备注
1 0512052   205120527   第一样本阅览室/ [索取号:G84/286] 在馆    
2 0512053   205120536   密集书库/ [索取号:G84/286] 在馆    
3 0512054   205120545   密集书库/ [索取号:G84/286] 在馆    
4 0512055   205120554   密集书库/ [索取号:G84/286] 在馆    
5 0512056   205120563   密集书库/ [索取号:G84/286] 在馆    
6 0512057   205120572   密集书库/ [索取号:G84/286] 在馆    
7 0512058   205120581   密集书库/ [索取号:G84/286] 在馆    
8 0512059   205120590   密集书库/ [索取号:G84/286] 在馆    
9 0512060   205120607   密集书库/ [索取号:G84/286] 在馆    
10 0512061   205120616   密集书库/ [索取号:G84/286] 在馆    
11 0512062   205120625   密集书库/ [索取号:G84/286] 在馆    
12 0512063   205120634   密集书库/ [索取号:G84/286] 在馆    
13 0512064   205120643   密集书库/ [索取号:G84/286] 在馆    
14 0512065   205120652   密集书库/ [索取号:G84/286] 在馆    
15 0512066   205120661   密集书库/ [索取号:G84/286] 在馆    
16 0512067   205120670   密集书库/ [索取号:G84/286] 在馆    
17 0512068   205120689   密集书库/ [索取号:G84/286] 在馆    
18 0512069   205120698   密集书库/ [索取号:G84/286] 在馆    
19 0512070   205120705   密集书库/ [索取号:G84/286] 在馆    
20 0512071   205120714   密集书库/ [索取号:G84/286] 在馆    
21 0512072   205120723   密集书库/ [索取号:G84/286] 在馆    
22 0512073   205120732   密集书库/ [索取号:G84/286] 在馆    
23 0512074   205120741   密集书库/ [索取号:G84/286] 在馆    
24 0512075   205120750   密集书库/ [索取号:G84/286] 在馆    
25 0512076   205120769   密集书库/ [索取号:G84/286] 在馆    
26 0512077   205120778   密集书库/ [索取号:G84/286] 在馆    
27 0512078   205120787   密集书库/ [索取号:G84/286] 在馆    
28 0512079   205120796   密集书库/ [索取号:G84/286] 在馆    
29 0512080   205120803   密集书库/ [索取号:G84/286] 在馆    
30 0512081   205120812   密集书库/ [索取号:G84/286] 在馆    
欢迎您!
大连网信软件有限公司© 版权所有